Co jest większe? - Statystyki

Ogólne statystyki
  • Ten quiz został rozwiązany 6 094 razy
  • Średni wynik to 11 z 15
Statystyki odpowiedzi
Zagadnienie Odpowiedź % Poprawnych
Afryka czy Ameryka Południowa Afryka
94%
Najwyższy budynek czy najwyższe drzewo Budynek
92%
Gigabajt czy terabajt Terabajt
92%
Liczba ludzi na Ziemi lub liczba drzew Drzewa
84%
Populacja Arizony czy populacja Estonii Arizona
82%
Twoja trzustka lub przysadka mózgowa Trzustka
80%
Ziemia czy Mars? Ziemia
80%
Pałac Buckingham czy Biały Dom według liczby sypialni Pałac Buckingham
77%
Stary Testament czy Nowy Testament według długości Stary Testament
77%
Atom azotu lub atom uranu Uran
63%
Dywizja lub pułk Dywizja
61%
Najcięższy człowiek na świecie lub najcięższa dynia na świecie Dynia
56%
Chromosom czy gen Chromosom
49%
Skrzypce czy altówka Altówka
35%
Roczny budżet rządu francuskiego lub roczny dochód Google Francja
31%
Nie znaleziono quizów pasujących do podanych kryteriów
Rozkład punktacji
Procent ludzi z każdym wynikiem
Percentyl według liczby udzielonych odpowiedzi
Twoja historia wyników
Nie rozwiązałeś tego quizu